000 00347nam a2200145Ia 4500
008 220216s9999 xx 000 0 und d
100 _aSmee A R
245 0 _aMore about rubber in railways - 1
260 _bRubber Developments
_c1959
300 _a99-101
650 _aPneumatic tyres
650 _aRailways
650 _aRubber
942 _cJS
999 _c63253
_d63253